| 000 | 00891cam a22002771 4500 | ||
|---|---|---|---|
| 001 | 834 | ||
| 003 | BD-RjUL | ||
| 005 | 20211208233233.0 | ||
| 008 | 131123s1951 fr a b 000 0 eng | ||
| 035 | _a(BD-RjUL) 856 | ||
| 035 | _a(OCoLC)2782561 | ||
| 040 |
_aDLC _cTx _dDLC _dBD-RjUL _beng |
||
| 041 | _aeng | ||
| 082 |
_a021.6 _bMCP 1951 |
||
| 100 | 1 |
_aMcColvin, Lionel R. _q(Lionel Roy), _d1896-1976. _91699 |
|
| 245 | 1 | 0 |
_aPublic library extension / _cLionel R. McColvin. |
| 260 |
_aParis : _bUnited National Educational, Scientific and Cultural Organization, _c1951. |
||
| 300 |
_aviii, 113 p. : _billus. ; _c22 cm. |
||
| 490 | 1 |
_aUNESCO public library manuals, _v2 |
|
| 490 | 1 | _aUNESCO publication 375. | |
| 504 | _a Includes Index and Bibliography:(p. 110.) | ||
| 650 | 0 |
_aLibrary extension _zGreat Britain. _92479 |
|
| 942 |
_2ddc _cBK |
||
| 999 |
_c834 _d834 |
||